| 000 | 01224nac a22003497a 4500 | ||
|---|---|---|---|
| 001 | BR7306314 | ||
| 003 | BR-BrBNA | ||
| 005 | 20240105113535.0 | ||
| 008 | 230509b bl.|||m| |||| 00| 0 por d | ||
| 040 |
_aBR-BrBNA _bpor _cBiblioteca Nacional de Agricultura |
||
| 072 | _aF25; F00 | ||
| 090 | _a0180 BR7306314 | ||
| 100 | 1 | _aKalckmann, R.E. | |
| 100 | 1 | _aMachado, M.O. | |
| 100 | 1 | _aSchreiner, H. | |
| 100 | 1 | _aCarvalho, L.F.X. de | |
| 110 | 1 | _aInstituto de Pesquisas e Experimentacao Agropecuarias do Sul, Pelotas, RS (Brasil); | |
| 110 | 1 |
_aCentro de Treinamento e Informacao do Sul, Pelotas, RS (Brasil) _91675 |
|
| 245 | 1 | _aResultados do plano regional de adubacao de trigo no Rio Grande do Sul, nos anos de 1961-1965 [Brasil] | |
| 260 | 3 |
_aPelotas, RS (Brasil): _c1967. |
|
| 300 | _a12 p. | ||
| 490 |
_aCircular - Instituto de Pesquisas e Experimentacao Agropecuarias do Sul (Brazil) _vno. 31 _x |
||
| 650 | _aTRIGO | ||
| 650 | _aANALISE DO SOLO | ||
| 650 | _aADUBACAO | ||
| 650 | _aFERTILIZANTE FOSFATADO | ||
| 650 | _aFERTILIZANTE NITROGENADO | ||
| 650 | _aFERTILIZANTE POTASSICO | ||
| 650 | _aRIO GRANDE DO SUL | ||
| 909 |
_a202312 _bLúcia Elande _c55 _dLúcia Elande |
||
| 942 |
_2AGRIS _n0 _cMS |
||
| 999 |
_c264328 _d264328 |
||